Word Ladder: Footwear Quiz Stats

 Plays Quiz Updated Nov 11, 2016

Challenge
Share
Tweet
Embed
Score 0/44 Timer 03:00
6 Plays Today
Clue Answer % Correct
Shape of Italy•BOOT•
98.1%
Opposite of head•FOOT•
94.2%
Online journalBLOG
93.4%
Wooden shoe•CLOG•
92.7%
Ink stainBLOT
91.7%
Totem ____POLE
90%
Bottom of a shoe•SOLE•
89.1%
Jolly old Saint ____NICK
88%
Sound a horse's hoof makesCLOP
87.6%
Loafer, trainer, sneaker (and subject of this quiz)•SHOE•
87.2%
Largest athletic shoe company world wide•NIKE•
87.1%
Short excerpt from a movieCLIP
87%
Quick gulp of hard alcoholSHOT
85.5%
Two-wheelerBIKE
84.6%
IllSICK
83.3%
Sweat sourcePORE
79.9%
With previous rung, type of sandal•FLOP•
79.2%
With next rung, type of sandal•FLIP•
79.1%
Ham and baconPORK
78.9%
How one feels after a workoutSORE
78.4%
Arrange in a particular orderSORT
78.1%
City on the French RivieraNICE
77.9%
Clue Answer % Correct
What made the dalmatians black in '101 Dalmatians'SOOT
77%
What an auctioneer calls forBIDS
73.7%
Barbie doll partnersKENS
72.9%
Stocking•SOCK•
72.7%
Bassinets, cots and futonsBEDS
70.8%
____ one's timeBIDE
70.4%
They are mightier than the swordPENS
67.7%
Original sneakers brand•KEDS•
65.9%
Facial blemishPOCK
65.5%
BuddiesPALS
64.6%
____ Labyrinth (2006 film)PAN'S
63.3%
Stiletto e.g.•HEEL•
63%
New England football team, for shortPATS
61.2%
Plural of first rung•FEET•
61%
'I ____ Pretty' (West Side Story)FEEL
60%
Setting for Dante's InfernoHELL
59.3%
Shoe brand popular among skateboarders•VANS•
57.5%
Floating ice sheetFLOE
54.5%
Blackthorn fruitSLOE
53.7%
Large liquid-holding containersVATS
52.6%
One of the rooms in Clue(do)HALL
52.4%
Cloth for a coffinPALL
48.3%

Today's Daily Dose

Word Ladder
Aquatic Life

On This Day
August 21st II

You're not logged in!

Compare scores with friends on all Sporcle quizzes.
Join for Free
OR
Log In

You Might Also Like...

Show Comments

Extras

Top Quizzes Today


Score Distribution

Your Account Isn't Verified!

In order to create a playlist on Sporcle, you need to verify the email address you used during registration. Go to your Sporcle Settings to finish the process.

Report this User

Report this user for behavior that violates our Community Guidelines.

Details: